00308nam a2200109Ia 4500008004100000082000700041100003300048245003300081260001800114630003300132730003300165100328s9999 xx 000 0 und d b61 aSaavedra Miguel De Cervantes aDon Quixote Of La Mancha II bG.Bell & Sons aDon Quixote Of La Mancha II aDon Quixote Of La Mancha II